000 00431nam a2200157 i 4500
001 25144
003 ES-MaACL
005 20230906153212.0
007 t|
008 021220s1972 sp ||||1| spa d
100 1 _aArce, Agustín.
_922444
245 1 3 _aEl hijo adoptivo de María /
_cAgustín Arce.
260 _aEstella (Navarra) :
_bVerbo Divino,
_c[1972]
300 _a176 p. ;
_c19 cm.
852 _aES-MaACL
_jC-53200
_bR.84069
999 _c25144
_d25144